000 00381nam a22001577a 4500
003 MPLRDC
005 20220104114048.0
008 210129b ||||| |||| 00| 0 eng d
082 _a820.7 AW
100 _a艾芜
245 _a文学入门
_c
260 _a
_b香港中流出版社
_c1959
300 _b
650 _a中国文学总论--杂文, 演讲
942 _cBK
_o820.7 AW
999 _c4511
_d4501